I'll always love you (Record no. 2518)

MARC details
000 -LEADER
fixed length control field 00731cam a2200229u 4500
005 - DATE AND TIME OF LATEST TRANSACTION
control field 20231213150607.0
020 ## - INTERNATIONAL STANDARD BOOK NUMBER
International Standard Book Number 9780517572658
040 ## - CATALOGING SOURCE
Original cataloging agency DLC
Transcribing agency CarP
Modifying agency DLC
Language of cataloging eng
050 10 - LIBRARY OF CONGRESS CALL NUMBER
Classification number PZ7.W64816
082 ## - DEWEY DECIMAL CLASSIFICATION NUMBER
Classification number 813.54
100 ## - MAIN ENTRY--PERSONAL NAME
Personal name Wilhelm , Hans
245 00 - TITLE STATEMENT
Title I'll always love you
260 ## - PUBLICATION, DISTRIBUTION, ETC.
Place of publication, distribution, etc. New York
Name of publisher, distributor, etc. Crown Publishers, Inc
Date of publication, distribution, etc. 1985
300 ## - PHYSICAL DESCRIPTION
Extent 29 unnumbered pages :
Other physical details color illustrations ;
Dimensions 19 cm
505 ## - FORMATTED CONTENTS NOTE
Formatted contents note M <br/>
520 ## - SUMMARY, ETC.
Summary, etc. A child's sadness at the death of a beloved dog is tempered by the remembrance of saying to it every nignt, "I'll always love you."
521 ## - TARGET AUDIENCE NOTE
Target audience note 540 AD <br/>
Source Lexile <br/>
521 ## - TARGET AUDIENCE NOTE
Target audience note M <br/>
Source Raz-Plus <br/>
906 ## - LOCAL DATA ELEMENT F, LDF (RLIN)
a 0
b cbc
c premunv
d u
e ncip
f 19
g y-gencatlg
942 ## - ADDED ENTRY ELEMENTS (KOHA)
Source of classification or shelving scheme Dewey Decimal Classification
Koha item type Books
Suppress in OPAC No
999 ## -
-- 2518
-- 2518
Holdings
Withdrawn status Lost status Source of classification or shelving scheme Damaged status Not for loan Collection Home library Current library Shelving location Date acquired Total Checkouts Full call number Barcode Date last seen Date last checked out Price effective from Koha item type Copy number
    Dewey Decimal Classification     Juvenile Fiction Footprints International School Library Network Toul Kork Campus Footprints International School Library Network Toul Kork Campus   12/13/2023 2 WIL Fic PZ7.W64816 FISBK05470 04/23/2024 03/25/2024 12/13/2023 Books  
    Dewey Decimal Classification     Juvenile Fiction Footprints International School Library Network Toul Kork Campus Footprints International School Library Network Toul Kork Campus TK Primary Library Room(4th Floor), Bookcase 3&4, Shelves 17-32, Yellow Books 10/10/2024   WIL Fic PZ7.W64816 2024-2125 10/10/2024   10/10/2024 Books 2